|
|
|
แสดงรายละเอียดบรรณานุกรม |
|
|
Brief Record
: Get Marc (ISO 2709)
: E-mail record
: |
|
|
| LEADER 00000nam 2200000uu 4500 | |||
| 001 13399126260 | |||
| 003 BCNR | |||
| 008 200220s2559||||th 000 0 tha d | |||
| 020 ^a9789744669186 | |||
| 041 ^atha | |||
| 060 4 ^aWH100^bค181 2559 | |||
| 245 00 ^aความผิดปกติทางโลหิตวิทยากับโรคตามระบบ =^bHematologic changes in systemic diseases /^cปิยนุช คงทิม และ นงลักษณ์ คณิตทรัพย์, บรรณาธิการ | |||
| 246 31 ^aHematologic changes in systemic diseases | |||
| 250 ^aพิมพ์ครั้งที่ 1 | |||
| 260 ^aปทุมธานี :^bภาควิชาอายุรศาสตร์ คณะแพทยศาสตร์ มหาวิทยาลัยธรรมศาสตร์,^c2559 | |||
| 300 ^a128 หน้า :^bภาพประกอบ, ตาราง ;^c26 ซม. | |||
| 505 0 ^aบทที่ 1 การเปลี่ยนแปลงทางโลหิตวิทยากับโรคตามระบบ -- บทที่ 2 พยาธิสภาพของไขกระดูกในภาวะโรคเรื้อรัง และโรคมะเร็ง -- บทที่ 3 ภาวะโลหิตจางจากโรคเรื้อรัง -- บทที่ 4 มะเร็งไขกระดูกชนิดมัยอิโลมา -- บทที่ 5 ปัญหาทางโลหิตวิทยาที่พบบ่อยในหญิงตั้งครรภ์ ส่วนที่ 1 : ภาวะโลหิตจาง -- บทที่ 6 ปัญหาทางโลหิตวิทยาที่พบบ่อยในหญิงตั้งครรภ์ ส่วนที่ 2 : ภาวะเกล็ดเลือดต่ำ -- บทที่ 7 ภาวะลิ่มเลือดอุดตันหลอดเลือดดำระหว่างตั้งครรภ์ -- บทที่ 8 ปัญหาทางโลหิตวิทยาในผู้ป่วยศัลยกรรม -- บทที่ 9 การป้องกันและรักษาภาวะลิ่มเลือดอุดตันหลอดเลือดดำภายหลังการผ่าตัด -- บทที่ 10 การรักษาโดยการให้เลือดและส่วนประกอบของเลือด -- บทที่ 11 แนวทางการดูแลผู้ป่วยม้ามโตและ Hypersplenism | |||
| 650 4 ^aโลหิตวิทยา | |||
| 650 4 ^aเลือด | |||
| 650 4 ^aเลือด, โรค | |||
| 700 0 ^aปิยนุช คงทิม,^eบรรณาธิการ | |||
| 700 0 ^aนงลักษณ์ คณิตทรัพย์,^eบรรณาธิการ | |||
| 710 2 ^aมหาวิทยาลัยธรรมศาสตร์. ^bคณะแพทยศาสตร์.^bภาควิชาอายุรศาสตร์ | |||
| 999 ^aบรรณารักษ์ | |||
| คุณยังไม่ได้ล็อกอิน คุณสามารถมีกิจกรรมร่วมกับเว็บไซต์ได้ แต่ต้องล็อกอินก่อน :: |
|
| สถานะ | |||||||||
| 1. | หนังสือ | WH100 ค181 2559 c.1 Barcode: 077180 | ►หนังสือทั่วไป | On Shelf | |||||
| 2. | หนังสือ | WH100 ค181 2559 c.2 Barcode: 077181 | ►หนังสือทั่วไป | On Shelf | |||||
| 3. | หนังสือ | WH100 ค181 2559 c.3 Barcode: 077182 | ►หนังสือทั่วไป | On Shelf | |||||
| 4. | หนังสือ | WH100 ค181 2559 c.4 Barcode: 077183 | ►หนังสือทั่วไป | On Shelf | |||||
| 5. | หนังสือ | WH100 ค181 2559 c.5 Barcode: 077184 | ►หนังสือทั่วไป | On Shelf | |||||
| 6. | หนังสือ | WH100 ค181 2559 c.6 Barcode: 077185 | ►หนังสือทั่วไป | On Shelf | |||||
| 7. | หนังสือ | WH100 ค181 2559 c.7 Barcode: 077186 | ►หนังสือทั่วไป | On Shelf | |||||
| 8. | หนังสือ | WH100 ค181 2559 c.8 Barcode: 077187 | ►หนังสือทั่วไป | On Shelf | |||||
| 9. | หนังสือ | WH100 ค181 2559 c.9 Barcode: 077188 | ►หนังสือทั่วไป | On Shelf | |||||
| 10. | หนังสือ | WH100 ค181 2559 c.10 Barcode: 077189 | ►หนังสือทั่วไป | On Shelf | |||||
| [แสดง 10/10 รายการ] | |||||||||
BibComment |
| คอมเมนท์ทรัพยากรรายการนี้ |
|
|